000 00326nam a2200133Ia 4500
008 100328s9999 xx 000 0 und d
082 _b17479
100 _aगुलजार
245 _aमौसम
260 _bशिक्षा भारती
630 _aमौसम
730 _aमौसम
942 _cBOOK
999 _c512050
_d512047